000 00847nam a22002177a 4500
999 _c902
_d902
003 AR-CdUCM
008 190225b ||||| |||| 00| 0 spa d
040 _aMUNICIPALIDAD PROVINCIAL DEL CUSCO
_cBIBLIOTECA MUNICIPAL DEL CUSCO
082 _a260 /
_bH46
100 _aHerraez, Fidel
_93466
245 _aLa opción fundamental /
_cFidel Herraez
260 _aSalamanca :
_bSigueme,
_c1978.
300 _a172 paginas ;
_c20 cm.
505 _aE termino y el tema de la opción fundamental -- La opción fundamental en el ámbito de la teología moral -- Algunas aportaciones de la psicología -- Propiedades y significado de la decisión humana ...
650 _aSuperficialidad
_93467
650 _aPsicologia
_91538
650 _aOrientación cristocéntrica
_93468
650 _aMoralidad
_93469
942 _2ddc
_cLIBROS
945 _aacv
_d2019-02-25